The protection of peanuts, January 1979-July 1985 : citations from AGRICOLA concerning diseases and other environmental considerations /

Bibliographic Details
Corporate Authors: National Agricultural Library (U.S.), United States. Environmental Protection Agency. Office of Pesticide Programs
Other Authors: Bebee, Charles N.
Format: Government Document Book
Language:English
Published: Beltsville, Md. : Washington, D.C. : U.S. Dept. of Agriculture, National Agricultural Library ; U.S. Environmental Protection Agency, Office of Pesticides Programs, [1986]
Series:Bibliographies and literature of agriculture ; no. 45.
Subjects:

MARC

Tag First Indicator Second Indicator Subfields
LEADER 00000cam a2200000 a 4500
001 in00000868021
005 20151019085058.0
008 860611s1986 mdu b f00110 eng d
010 |a gp 87008687  
035 |a (OCoLC)13732787 
035 |9 AEF7573AM 
040 |a VPI  |c VPI  |d AGL  |d GPO  |d MvI-ran  |d UtOrBLW 
070 |a aZ5076.A1U54  |b no.45 
072 0 |a F120  |a F800 
074 |a 32-B-1 
086 0 |a A 1.60/3:45 
090 |a S21.S12  |b B5 no.45 
245 0 4 |a The protection of peanuts, January 1979-July 1985 :  |b citations from AGRICOLA concerning diseases and other environmental considerations /  |c compiled and edited by Charles N. Bebee. 
264 1 |a Beltsville, Md. :  |b U.S. Dept. of Agriculture, National Agricultural Library ;  |a Washington, D.C. :  |b U.S. Environmental Protection Agency, Office of Pesticides Programs,  |c [1986] 
300 |a 107 pages ;  |c 28 cm. 
336 |a text  |b txt  |2 rdacontent 
337 |a unmediated  |b n  |2 rdamedia 
338 |a volume  |b nc  |2 rdacarrier 
490 1 |a Bibliographies and literature of agriculture ;  |v no. 45 
500 |a Shipping list number: 86-229-P. 
500 |a "March 1986." 
500 |a Includes index. 
650 0 |a Peanuts  |x Storage  |x Diseases and injuries  |x Bibliography. 
650 0 |a Peanuts  |x Bibliography. 
650 0 |a Plants, Protection of  |x Bibliography. 
700 1 |a Bebee, Charles N. 
710 2 |a National Agricultural Library (U.S.) 
710 1 |a United States.  |b Environmental Protection Agency.  |b Office of Pesticide Programs. 
740 0 |a Citations from AGRICOLA concerning diseases and other environmental considerations. 
830 0 |a Bibliographies and literature of agriculture ;  |v no. 45. 
999 |a MARS 
999 f f |s a306a3e7-46b0-3764-a403-940c7bacd441  |i d8e4adff-de1a-3ac9-9ad5-7e3492a00ba8  |t 0 
952 f f |p normal  |a Texas A&M University  |b College Station  |c Sterling C. Evans Library  |d Evans: US Documents (Annex 5th floor)  |t 0  |e A 1.60/3:45  |h Superintendent of Documents classification  |i unmediated -- volume  |m A14813218083 
998 f f |a A 1.60/3:45  |t 0  |l Evans: US Documents (Annex 5th floor)